000 00318nam a22001097a 4500
082 _a958.1 TAH'A
100 _aTAHIR, AMIN
_974401
245 _aAFGHANISTAN CRISIS IMPLICATIONS AND OPTIONS FOR MUSLIM WORLD, IRAN AND PAKISTAN
260 _aISLAMAMBAD
_bINSTITUTE OF POLICY STUDIES
_c1982
300 _a144P
942 _cBK
999 _c579933
_d579933